00765nam a2200205Ia 4500008004100000020001500041050002200056100003700078245005600115250001800171260003200189300001800221336001000239337001500249338001200264490002300276500003600299505019800335650002600533120625s2003 mx 000 0 spa d a9701872657 4aQA304 bO73 2003 1 aOrduño Vega, Hipólitoeautor10aCálculo Diferencial c/ Hipólito Orduño Vega. a2a. edición3 aMéxico b: DGETIc , 2003 a168 páginas aTexto aSin medio  aVolumen0 aColección DGETI. aIncluye bibliografía (p. 167)2 aFunciones. El precálculo y problemas de máximos y mínimos Funciones, límites y la deriva Resolución de problemas de máximos y mínimos Variación, continuidad y segunda derivada.1 aCÁLCULO DIFERENCIAL